| 000 | 00819nam a2200289Ia 4500 | ||
|---|---|---|---|
| 003 | OSt | ||
| 005 | 20221007111126.0 | ||
| 006 | a|||||r|||| 00| 0 | ||
| 007 | ta | ||
| 008 | 221006b |||||||| |||| 00| 0 eng d | ||
| 020 | _a9020005111 | ||
| 024 | _a22,623 | ||
| 037 | _cTextual | ||
| 040 |
_aLCO _cLCO _beng |
||
| 041 |
_2eng _aeng |
||
| 082 | _aX72:(Z1), L8 | ||
| 100 |
_aMilnes Barry Bracewell _9708273 |
||
| 245 | 0 | _aInternational Tax Avoidance | |
| 260 |
_aDeventer _bKluwer Ther Netherlands _c1978 |
||
| 300 | _a344 | ||
| 490 | _vVol.- BB | ||
| 500 | _aA Study by the Rotterdam Institute for Fiscal Studies | ||
| 650 | _aTAX | ||
| 700 |
_a Wisselink M.A. _9298390 |
||
| 942 |
_hX72:(Z1), L8 _cTEXL |
||
| 999 |
_c1192186 _d1192186 |
||